Robert Hellos Alla Låtar - Statistics

General Stats
  • This quiz has been taken 3 times
  • The average score is 11 of 167
Answer Stats
All Songs % Correct
13 Norrlandsstuga
100%
4 KOD
67%
1 När jag köpte min gräsklippare
67%
12 Padda strumpor
67%
2 Sixtens Jul
67%
5 Skibidi jul
67%
5 2026
33%
11 Bang bang farang
33%
7 Det danska monstret
33%
12 God jul från oss alla
33%
16 HIROSHIMA
33%
1 JESUS ÄR KUNG
33%
7 MEXIKANSK TITEL
33%
11 MORFAR
33%
10 MORMOR
33%
8 Öra
33%
10 PAKISTAN
33%
10 Ramen, Ramen
33%
9 Ramen, Ramen, Pt. 2
33%
1 ROBERT HELLOS
33%
1 Snurra Runt I En Cirkel
33%
11 STOLT PAPPA
33%
7 Stora Mossen
33%
14 Uh Nah Na
33%
1 Urgers burgers jul (Intro)
33%
13 3 Gånger
0%
1 5 DOLLARS
0%
6 ÄGG MED RIS
0%
3 ÄLSKAD VARE
0%
18 ANDEDRÄKT
0%
2 Anti pedofil rap
0%
4 Apelsin
0%
6 bababu
0%
9 barbar
0%
21 Barnbidrag
0%
5 BARS I MIN LÅT
0%
4 behöver inte
0%
2 big lotta
0%
8 Bra Att Ha
0%
13 bryr mig inte
0%
3 CASABLANCA
0%
3 CENTRAL MAKT I PARIS
0%
6 Chefen
0%
15 Chefen På Den
0%
1 Chefens sång
0%
3 danmark
0%
9 Det ballar ut - Freestyle
0%
2 DET RENASTE
0%
14 DET VAR BRA
0%
3 dräng
0%
9 Du eller jag
0%
4 En god jul
0%
22 ENSAMHET
0%
9 EN STRUTS
0%
17 Ett Långt Streck
0%
10 ett stort hav
0%
4 Fin Musik
0%
6 Flykten från borås
0%
16 Flytta Hem
0%
15 Flytta Till Monaco
0%
9 FÖLJ JESUS
0%
BonusTrack Förföra
0%
17 FÖRSTÅR INTE HURDÅ
0%
5 Fredrik
0%
18 Fredrik Vs. UGBG
0%
11 Fredruk hellos
0%
12 FRUKTSALLAD
0%
6 FUCK HIM UP
0%
23 Ge Honom Korken
0%
5 get
0%
13 GINGER DANSK
0%
15 GLASÖGONORM
0%
11 Gnesta
0%
17 Gnesta, Pt. 2
0%
11 Golfspel
0%
24 Grattis, Du Har Fått Din Gräsklippare
0%
6 Han brinner
0%
8 här eller där?
0%
13 Härnösandsmuren
0%
25 Hejdå
0%
8 HEMLIGA METODER
0%
12 Högerhänt
0%
13 Horisonten
0%
7 HOT POT ÄR GOTT
0%
3 Hot pot utanför min mun
0%
11 Hus
0%
8 Husdjurssimulator
0%
2 husdjurssimulator - Remix
0%
8 I LIKE
0%
20 Inga Mer
0%
14 Inte Du
0%
10 Jag älskar gnesta
0%
5 JAG ÄLSKAR GUD
0%
2 Jag är attraherad till en båt
0%
23 Jag är ett monster
0%
10 Jag är ett monster II
0%
21 JAG IGEN
0%
3 Jag jobbar på en bank
0%
14 JAG SAKNAR CHEFEN
0%
2 Jakten På Norrlandssguld
0%
12 järnrör
0%
Bonus Track Juristexamen
0%
6 Kalle Anka
0%
23 KANAL
0%
22 Katt
0%
1 Köpte ett flak
0%
4 Kör min bil
0%
12 Korv i märsta med chefen
0%
19 Kraschar Med Bilen
0%
7 Krychol Dum
0%
6 KYRKAN
0%
21 Låt Utan Titel
0%
16 LEVEL SEX
0%
20 Lil Kevzters Penna
0%
7 livet rullar på
0%
7 Mariatorget
0%
Bonus Track Media Markt
0%
9 MELKER ÄR SÄMST
0%
BonusTrack Melodi 1
0%
10 Merkel i en buske
0%
7 MIN BÄSTA VÄN
0%
20 MIN MACKA VAR GOD
0%
4 MIN PADDA
0%
3 Mitt mamn är
0%
12 MITT TAK
0%
1 monaco
0%
10 motorstopp (interlude)
0%
15 NAOD'S SONG
0%
13 NOLLOR
0%
BonusTrack NO Prov
0%
4 Öra, Pt. 2
0%
8 PANK
0%
5 PAPSEN ÄR HÄR
0%
8 Primefrisyr
0%
2 Ramen i min mun
0%
10 Ramen (Interlude)
0%
12 Ramen, Ramen, Pt. 3
0%
19 Ramen, ramen, pt. 4
0%
3 Ramen, Ramen - Remix
0%
9 rasande
0%
14 Råtta
0%
7 respektera
0%
16 Roberts Sång
0%
Bonus Track Roberts Sång Remix
0%
22 Roslagsbanan - Freestyle
0%
6 roslagsbanan - Remix
0%
4 SÄLJ INTE DIN SJÄL
0%
8 ser inte bra ut
0%
18 Sigma
0%
3 Sixten brinner
0%
5 Skjul
0%
7 Skjul, Pt. 2
0%
5 skratta
0%
14 Sorgliga Tider
0%
24 STRUMPOR
0%
5 Tomteboda
0%
19 TONYS BORR
0%
1 too good to be true
0%
9 Tunnelbana
0%
9 Våglängden
0%
11 vakö
0%
4 valblankett
0%
8 VÅR FRÄLSARE
0%
2 VÅT BÅT
0%
6 Vaxholm
0%
2 WE!N
0%
11 yeah!
0%
No matching quizzes found
Score Distribution
Percent of People with Each Score
Percentile by Number Answered
Your Score History
You have not taken this quiz